| 000 | 00404 a2200133 4500 | ||
|---|---|---|---|
| 001 | 91247 | ||
| 082 | _aPR 1158 | ||
| 090 |
_c43334 _d43334 |
||
| 100 | _aHamood Alam; Prof Azfar Sameen and Irfan-ul-Haq (Advisors) | ||
| 245 |
_aDevelopement of Potential Flow Over 2-D Arbitrary Bodies Using IBM PC _n40 "A" EC |
||
| 260 |
_aKarachi _bNED University _c1994 |
||
| 300 | _a50p | ||
| 500 | _aBE Project Reports | ||
| 942 |
_aCAE NUST _kPR 1158 |
||
| 999 |
_c326320 _d326320 |
||